[Event "HUN-chT2 Maroczy 1314"]
[Site "Hungary"]
[Date "2014.04.27"]
[Round "11"]
[White "Felmery, Mate"]
[Black "Medvegy, Judit"]
[Result "0-1"]
[WhiteElo "1920"]
[BlackElo "2005"]
[PlyCount "124"]
[EventDate "2013.09.08"]
[EventType "team-tourn"]
[EventRounds "11"]
[EventCountry "HUN"]
[SourceTitle "EXT 2016"]
[Source "ChessBase"]
[SourceDate "2015.10.08"]
[SourceVersion "1"]
[SourceVersionDate "2015.10.08"]
[SourceQuality "1"]
[WhiteTeam "Budapest Vasas"]
[BlackTeam "Budapest Kobanya"]
[WhiteTeamCountry "HUN"]
[BlackTeamCountry "HUN"]

1. e4 c6 2. d4 d5 3. Nc3 dxe4 4. Nxe4 Bf5 5. Ng3 Bg6 6. Nf3 Nd7 7. Bd3 e6 8. h4 Ngf6 9. h5 Bxd3 10. Qxd3 Qc7 11. Ng5 h6 12. N5e4 0-0-0 13. Bd2 e5 14. dxe5 Nxe5 15. Qc3 Nd5 16. Qb3 g6 17. 0-0-0 Bg7 18. Kb1 f5 19. Nc3 Ng4 20. Nxd5 Rxd5 21. Be3 f4 22. Rxd5 cxd5 23. Qb4 Nxe3 24. fxe3 fxg3 25. Qg4+ Kb8 26. hxg6 Qe5 27. c3 Qxe3 28. Qd7 Qe4+ 29. Ka1 Qxg6 30. Qxd5 Rf8 31. Rd1 a6 32. a3 Ka8 33. Re1 Qg4 34. Re7 Rb8 35. Re6 Ka7 36. Qc5+ Ka8 37. Qd5 Ka7 38. Qc5+ Ka8 39. Qd5 Qa4 40. Rg6 Bxc3 41. bxc3 Qxa3+ 42. Kb1 Rf8 43. Qd3 Qb3+ 44. Kc1 Qa3+ 45. Kb1 Qe7 46. Rd6 Qe1+ 47. Kb2 Qf2+ 48. Kb3 Qxg2 49. Rxa6+ bxa6 50. Qxa6+ Kb8 51. Qd6+ Ka7 52. Qc5+ Ka6 53. Qd6+ Kb7 54. Qxf8 Qd5+ 55. Kb4 g2 56. Qe7+ Kc6 57. Qe8+ Kd6 58. Qg6+ Ke5 59. Qg3+ Kf5 60. Qh3+ Kg6 61. Qg3+ Qg5 62. Qd6+ Kh5 0-1

[Event "HUN-chT2 Maroczy 1314"]
[Site "Hungary"]
[Date "2013.08.22"]
[Round "2"]
[White "Egri, Laszlo Jr"]
[Black "Medvegy, Judit"]
[Result "1/2-1/2"]
[WhiteElo "2112"]
[BlackElo "2005"]
[PlyCount "31"]
[EventDate "2013.09.08"]
[EventType "team-tourn"]
[EventRounds "11"]
[EventCountry "HUN"]
[SourceTitle "EXT 2016"]
[Source "ChessBase"]
[SourceDate "2015.10.08"]
[SourceVersion "1"]
[SourceVersionDate "2015.10.08"]
[SourceQuality "1"]
[WhiteTeam "Kisujszallas"]
[BlackTeam "Budapest Kobanya"]
[WhiteTeamCountry "HUN"]
[BlackTeamCountry "HUN"]

1. Nf3 f5 2. b3 Nf6 3. Bb2 e6 4. g3 d5 5. Bg2 Bd6 6. 0-0 0-0 7. d4 b6 8. c4 Bb7 9. Nbd2 Nbd7 10. Rc1 Ne4 11. Qc2 Qe7 12. e3 Rac8 13. Ne1 c5 14. Nxe4 dxe4 15. Qe2 Nf6 16. f3 1/2-1/2

[Event "HUN-chT 1213"]
[Site "Hungary"]
[Date "2013.04.21"]
[Round "9"]
[White "Medvegy, Judit"]
[Black "Pirisi, Gabor"]
[Result "1/2-1/2"]
[WhiteElo "2032"]
[BlackElo "2268"]
[PlyCount "71"]
[EventDate "2012.09.16"]
[EventType "team-tourn"]
[EventRounds "9"]
[EventCountry "HUN"]
[SourceTitle "EXT 2014"]
[Source "ChessBase"]
[SourceDate "2013.11.20"]
[SourceVersion "1"]
[SourceVersionDate "2013.11.20"]
[SourceQuality "1"]
[WhiteTeam "BEAC"]
[BlackTeam "Dunaharaszti"]
[WhiteTeamCountry "HUN"]
[BlackTeamCountry "HUN"]

1. e4 g6 2. d4 Bg7 3. Nf3 d6 4. Nc3 a6 5. a4 b6 6. Bc4 e6 7. 0-0 Bb7 8. Re1 Nd7 9. Bf4 Ne7 10. e5 d5 11. Bf1 h6 12. Ne2 0-0 13. Ng3 c5 14. c3 c4 15. Qc1 Kh7 16. Qc2 Nc6 17. h4 Qe7 18. Nh5 Bh8 19. g4 f5 20. exf6 Nxf6 21. Bg5 Qe8 22. Nxf6+ Bxf6 23. Bxf6 Rxf6 24. Bg2 Qf7 25. Ne5 Nxe5 26. Rxe5 Rf8 27. f3 Bc6 28. Rae1 Kg7 29. Qe2 Bxa4 30. Rxe6 Rxe6 31. Qxe6 Qxe6 32. Rxe6 Rf6 33. Re7+ Rf7 34. Re6 Rf6 35. Re7+ Rf7 36. Re6 1/2-1/2

[Event "Budapest-chT1 Lilienthal 1213"]
[Site "Budapest"]
[Date "2012.10.14"]
[Round "2"]
[White "Papp, Antal"]
[Black "Medvegy, Judit"]
[Result "1/2-1/2"]
[WhiteElo "2077"]
[BlackElo "2032"]
[PlyCount "27"]
[EventDate "2012.09.30"]
[EventType "team-tourn"]
[EventRounds "11"]
[EventCountry "HUN"]
[SourceTitle "EXT 2019"]
[Source "ChessBase"]
[SourceDate "2018.10.10"]
[SourceVersion "1"]
[SourceVersionDate "2018.10.10"]
[SourceQuality "1"]
[WhiteTeam "Budapest Honved"]
[BlackTeam "Budapest EAC"]
[WhiteTeamCountry "HUN"]
[BlackTeamCountry "HUN"]

1. d4 f5 2. Nf3 Nf6 3. g3 g6 4. Bg2 Bg7 5. 0-0 0-0 6. c4 d6 7. Nc3 c6 8. Qc2 Na6 9. b3 Qe8 10. Ba3 Rb8 11. e4 fxe4 12. Nxe4 Nxe4 13. Qxe4 Bf5 14. Qe3 1/2-1/2

[Event "HUN-chT2 Erkel 1112"]
[Site "Hungary"]
[Date "2012.03.25"]
[Round "8.7"]
[White "Medvegy, Judit"]
[Black "Vass, Istvan"]
[Result "1/2-1/2"]
[WhiteElo "2043"]
[BlackElo "2085"]
[PlyCount "26"]
[EventDate "2011.09.25"]
[EventType "team-tourn"]
[EventRounds "11"]
[EventCountry "HUN"]
[SourceTitle "EXT 2013"]
[Source "ChessBase"]
[SourceDate "2012.11.22"]
[SourceVersion "1"]
[SourceVersionDate "2012.11.22"]
[SourceQuality "1"]
[WhiteTeam "Foti"]
[BlackTeam "MAFC"]
[WhiteTeamCountry "HUN"]
[BlackTeamCountry "HUN"]

1. e4 c5 2. Nf3 d6 3. d3 Nf6 4. g3 Nc6 5. Bg2 e5 6. 0-0 Bg4 7. Nbd2 Qd7 8. c3 Be7 9. Re1 h5 10. Qb3 Be6 11. Qc2 Ng4 12. h4 f6 13. Nf1 Rg8 1/2-1/2

[Event "SVK-ch op-A"]
[Site "Banska Stiavnica"]
[Date "2011.07.13"]
[Round "5"]
[White "Medvegy, Judit"]
[Black "Zsinka, Laszlo"]
[Result "0-1"]
[WhiteElo "2068"]
[BlackElo "2298"]
[PlyCount "72"]
[EventDate "2011.07.09"]
[EventType "swiss"]
[EventRounds "9"]
[EventCountry "SVK"]
[SourceTitle "CBM 143 Extra"]
[Source "ChessBase"]
[SourceDate "2011.08.29"]
[SourceVersion "1"]
[SourceVersionDate "2011.08.29"]
[SourceQuality "1"]

1. e4 e5 2. Nf3 Nc6 3. Bb5 a6 4. Ba4 g6 5. d4 exd4 6. Nxd4 Bg7 7. Nxc6 bxc6 8. 0-0 Ne7 9. Nc3 0-0 10. Be3 d6 11. Bd4 c5 12. Bxg7 Kxg7 13. Qd2 Be6 14. Rad1 f6 15. f4 Rb8 16. b3 Rb4 17. Qe3 Qb8 18. f5 Bg8 19. Rf3 Qb6 20. Ne2 Qb8 21. c3 Rxa4 22. bxa4 Nc6 23. fxg6 hxg6 24. Rh3 g5 25. Rg3 Ne5 26. Nf4 Bf7 27. Nd3 Ng6 28. Rf3 Bc4 29. e5 dxe5 30. Nxc5 Rd8 31. Rd7+ Rxd7 32. Nxd7 Qb1+ 33. Kf2 Nf4 34. Kg3 Ne2+ 35. Kh3 Qh7+ 36. Kg4 Be6+ 0-1

[Event "HUN-chT2 Erkel 0910"]
[Site "Hungary"]
[Date "2010.04.18"]
[Round "10.5"]
[White "Medvegy, Judit"]
[Black "Mizsei, Janos"]
[Result "1/2-1/2"]
[WhiteElo "2011"]
[BlackElo "2099"]
[PlyCount "85"]
[EventDate "2009.11.08"]
[EventType "team-tourn"]
[EventRounds "11"]
[EventCountry "HUN"]
[SourceTitle "EXT 2011"]
[Source "ChessBase"]
[SourceDate "2010.11.26"]
[SourceVersion "1"]
[SourceVersionDate "2010.11.26"]
[SourceQuality "1"]
[WhiteTeam "Foti"]
[BlackTeam "Jaszbereny"]
[WhiteTeamCountry "HUN"]
[BlackTeamCountry "HUN"]

1. e4 e6 2. d4 d5 3. Nd2 Nf6 4. e5 Nfd7 5. Bd3 b6 6. f4 Ba6 7. Ndf3 Bxd3 8. Qxd3 c5 9. c3 cxd4 10. cxd4 Bb4+ 11. Bd2 Nc6 12. Ne2 0-0 13. Nc3 f6 14. 0-0 h6 15. Kh1 Rf7 16. a3 Bxc3 17. Bxc3 Nf8 18. Rae1 fxe5 19. Nxe5 Nxe5 20. Rxe5 Qf6 21. g3 Ng6 22. Re3 Rc8 23. Rfe1 Nf8 24. Bb4 Rc4 25. Bc3 Rc8 26. Re5 Rc6 27. Qe2 a5 28. Qb5 Rfc7 29. Qe2 Qf7 30. Qg4 g6 31. h4 h5 32. Rxh5 Rxc3 33. bxc3 Rxc3 34. Rhe5 Qe7 35. Rxe6 Nxe6 36. Rxe6 Rxg3 37. Rxg6+ Kf7 38. Qxg3 Qe4+ 39. Qg2 Qe1+ 40. Kh2 Qxh4+ 41. Kg1 Qe1+ 42. Kh2 Qh4+ 43. Kg1 1/2-1/2

[Event "HUN-chT2 Erkel 0910"]
[Site "Hungary"]
[Date "2010.01.31"]
[Round "5.5"]
[White "Kustra, Pal"]
[Black "Medvegy, Judit"]
[Result "1-0"]
[WhiteElo "2131"]
[BlackElo "2011"]
[PlyCount "45"]
[EventDate "2009.11.08"]
[EventType "team-tourn"]
[EventRounds "11"]
[EventCountry "HUN"]
[SourceTitle "EXT 2011"]
[Source "ChessBase"]
[SourceDate "2010.11.26"]
[SourceVersion "1"]
[SourceVersionDate "2010.11.26"]
[SourceQuality "1"]
[WhiteTeam "Pestszentlorinc"]
[BlackTeam "Foti"]
[WhiteTeamCountry "HUN"]
[BlackTeamCountry "HUN"]

1. e4 c6 2. c4 d5 3. cxd5 cxd5 4. exd5 Nf6 5. Bb5+ Nbd7 6. Nc3 a6 7. Bxd7+ Bxd7 8. Qb3 Qc7 9. d4 g6 10. Nf3 Bg7 11. 0-0 0-0 12. Re1 Bg4 13. Ne5 Rad8 14. h3 Bc8 15. Bf4 Nh5 16. Bh2 Rd6 17. Nc4 Bxd4 18. Ne4 Qd7 19. Ncxd6 exd6 20. Nxd6 Nf6 21. Qc4 Bxb2 22. Rab1 b5 23. Qd3 1-0

[Event "Senta op-A 13th"]
[Site "Senta"]
[Date "2009.07.21"]
[Round "5"]
[White "Scepanovic, Labud"]
[Black "Medvegy, Judit"]
[Result "1-0"]
[WhiteElo "2228"]
[BlackElo "2033"]
[PlyCount "103"]
[EventDate "2009.07.18"]
[EventType "swiss"]
[EventRounds "9"]
[EventCountry "YUG"]
[SourceTitle "CBM 131 Extra"]
[Source "ChessBase"]
[SourceDate "2009.09.03"]
[SourceVersion "2"]
[SourceVersionDate "2009.09.16"]
[SourceQuality "1"]

1. d4 f5 2. e4 fxe4 3. Nc3 Nf6 4. Bg5 d6 5. f3 exf3 6. Nxf3 e6 7. Bd3 Be7 8. Qe2 Nc6 9. a3 Nh5 10. Ne5 Nxe5 11. dxe5 g6 12. Bxe7 Qxe7 13. 0-0 Bd7 14. Qe3 d5 15. b4 Rf8 16. Rae1 Ng7 17. Rf6 Kd8 18. Qf2 Nf5 19. Rxf8+ Qxf8 20. g4 Qh6 21. gxf5 gxf5 22. Ne2 a5 23. b5 b6 24. c4 dxc4 25. Bxc4 Ke7 26. Kh1 Rd8 27. Qf4 Qh3 28. Ng3 Bc8 29. Qg5+ Ke8 30. Bf1 Bb7+ 31. Kg1 Qg4 32. Qxg4 fxg4 33. Be2 Bf3 34. Bxf3 gxf3 35. Kf2 Rd2+ 36. Kxf3 Rxh2 37. Re2 Rh4 38. Re4 Rh2 39. a4 h5 40. Re2 Rh4 41. Ne4 Ke7 42. Rg2 Rh3+ 43. Rg3 Rh1 44. Rg7+ Kd8 45. Ng5 Ra1 46. Nxe6+ Ke8 47. Nxc7+ Kf8 48. Ne6+ Ke8 49. Ke4 Rxa4+ 50. Kd5 h4 51. Kd6 Re4 52. Re7# 1-0

[Event "Senta op-A 13th"]
[Site "Senta"]
[Date "2009.07.19"]
[Round "3"]
[White "Medvegy, Judit"]
[Black "Zivkovic, Nemanja"]
[Result "0-1"]
[WhiteElo "2033"]
[BlackElo "2132"]
[PlyCount "118"]
[EventDate "2009.07.18"]
[EventType "swiss"]
[EventRounds "9"]
[EventCountry "YUG"]
[SourceTitle "CBM 131 Extra"]
[Source "ChessBase"]
[SourceDate "2009.09.03"]
[SourceVersion "2"]
[SourceVersionDate "2009.09.16"]
[SourceQuality "1"]

1. e4 c5 2. Nc3 Nc6 3. g3 g6 4. Bg2 Bg7 5. Nge2 d6 6. 0-0 Nf6 7. d3 Rb8 8. Nd5 0-0 9. c3 b5 10. Ne3 b4 11. f4 bxc3 12. bxc3 Qb6 13. Qc2 Qa6 14. h3 Bb7 15. g4 Nd7 16. Ng3 Nb4 17. Qd2 Nxd3 18. Rb1 Ba8 19. Rxb8 Rxb8 20. Nd5 Bxd5 21. exd5 Nxc1 22. Rxc1 Qa3 23. Rc2 Rb1+ 24. Kh2 Qa4 25. Ne4 Nb6 26. g5 Qc4 27. Qe2 Qxe2 28. Rxe2 Kf8 29. Rd2 Rc1 30. Rb2 Bxc3 31. Rb3 Ba5 32. Ra3 Nc4 33. Rb3 Bb6 34. Kg3 Rc2 35. Bf1 Nd2 36. Nxd2 Rxd2 37. Bc4 Rc2 38. Bb5 Rxa2 39. Kf3 Rc2 40. Ke4 e6 41. Bc6 Ke7 42. Ra3 Rc4+ 43. Kf3 Rd4 44. Re3 a5 45. Rb3 Rb4 46. Re3 Bc7 47. dxe6 fxe6 48. Bd5 e5 49. fxe5 dxe5 50. Rc3 Kd6 51. Bg8 Bd8 52. Rd3+ Rd4 53. Rxd4+ exd4 54. Bxh7 Ke5 55. Bxg6 Bxg5 56. Ke2 c4 57. Kd1 d3 58. Bh7 a4 59. Bg8 Kd4 0-1

[Event "HUN-chT2 Erkel 0809"]
[Site "Hungary"]
[Date "2008.12.21"]
[Round "4.4"]
[White "Pesztericz, Laszlo"]
[Black "Medvegy, Judit"]
[Result "0-1"]
[WhiteElo "2117"]
[BlackElo "2034"]
[PlyCount "66"]
[EventDate "2008.10.26"]
[EventType "team-tourn"]
[EventRounds "11"]
[EventCountry "HUN"]
[SourceTitle "EXT 2010"]
[Source "ChessBase"]
[SourceDate "2010.11.25"]
[SourceVersion "1"]
[SourceVersionDate "2010.11.25"]
[SourceQuality "1"]
[WhiteTeam "HASE II"]
[BlackTeam "Foti"]
[WhiteTeamCountry "HUN"]
[BlackTeamCountry "HUN"]

1. d4 e6 2. e4 c5 3. d5 exd5 4. exd5 d6 5. Nf3 Nf6 6. Nc3 Be7 7. Be2 Bf5 8. 0-0 0-0 9. Re1 Ne4 10. Nxe4 Bxe4 11. Bf4 Nd7 12. Bf1 Bg6 13. Qe2 Re8 14. Rad1 a6 15. Qd2 Qb6 16. c3 Bh5 17. Re3 Bf6 18. Rde1 Rxe3 19. Rxe3 Bxf3 20. Rxf3 Re8 21. Re3 Rxe3 22. Qxe3 Kf8 23. Qh3 Ke7 24. b3 h6 25. Qe3+ Kf8 26. Qh3 Ke7 27. Be2 Qc7 28. Bg4 Ne5 29. Bf5 Kd8 30. Bd2 Qe7 31. Qe3 Nd7 32. Qxe7+ Kxe7 33. Kf1 b5 0-1

[Event "HUN-chT2 Erkel 0809"]
[Site "Hungary"]
[Date "2008.11.02"]
[Round "2.4"]
[White "Csvila, Gabor"]
[Black "Medvegy, Judit"]
[Result "1-0"]
[WhiteElo "2177"]
[BlackElo "2034"]
[PlyCount "67"]
[EventDate "2008.10.26"]
[EventType "team-tourn"]
[EventRounds "11"]
[EventCountry "HUN"]
[SourceTitle "EXT 2010"]
[Source "ChessBase"]
[SourceDate "2010.11.25"]
[SourceVersion "1"]
[SourceVersionDate "2010.11.25"]
[SourceQuality "1"]
[WhiteTeam "Keviterv"]
[BlackTeam "Foti"]
[WhiteTeamCountry "HUN"]
[BlackTeamCountry "HUN"]

1. d4 f5 2. c4 Nf6 3. Nc3 e6 4. Bf4 d5 5. e3 c6 6. Nf3 Bd6 7. Ne5 Qe7 8. c5 Bc7 9. Bd3 0-0 10. 0-0 Ne4 11. Nxe4 dxe4 12. Bc4 g5 13. Bg3 Kh8 14. Qh5 Qg7 15. Ng6+ Qxg6 16. Qxg6 hxg6 17. Bxc7 Kg7 18. b4 Re8 19. a4 Nd7 20. Rfd1 Kf7 21. g3 Nf6 22. Be5 Nd5 23. b5 Re7 24. Kg2 g4 25. Rh1 g5 26. h4 gxh4 27. Rxh4 Ke8 28. Rh8+ Kd7 29. Rah1 Rf7 30. R1h6 a6 31. b6 Ke7 32. Rg8 Nf6 33. Bxf6+ Rxf6 34. Rhh8 1-0

[Event "Balatonalmadi Pannonia Cup 13th"]
[Site "Balatonalmadi"]
[Date "2008.08.02"]
[Round "6"]
[White "Medvegy, Judit"]
[Black "Forgacs, Attila"]
[Result "0-1"]
[WhiteElo "2035"]
[BlackElo "2197"]
[PlyCount "100"]
[EventDate "2008.07.30"]
[EventType "swiss"]
[EventRounds "7"]
[EventCountry "HUN"]
[SourceTitle "CBM 125 Extra"]
[Source "ChessBase"]
[SourceDate "2008.09.01"]
[SourceVersion "1"]
[SourceVersionDate "2008.09.01"]
[SourceQuality "1"]

1. e4 g6 2. d4 Bg7 3. Nc3 d6 4. Be3 c6 5. a4 d5 6. Nf3 dxe4 7. Nxe4 Nd7 8. Bc4 Nb6 9. Bb3 Nf6 10. Nc5 Nbd5 11. Ne5 b6 12. Ncd3 Qd6 13. 0-0 0-0 14. c3 Be6 15. Bg5 Ne4 16. Bh4 f5 17. f3 Nef6 18. Re1 f4 19. Qd2 Kh8 20. Re2 Bg8 21. Rae1 Rae8 22. Bc2 Bh6 23. Nc4 Qc7 24. Nde5 b5 25. Na3 a6 26. Bxg6 hxg6 27. Nxg6+ Kg7 28. Nxf8 Rxf8 29. axb5 axb5 30. c4 Ne3 31. Bxf6+ Rxf6 32. cxb5 cxb5 33. Nxb5 Qb7 34. Nc3 Rg6 35. Ne4 Bd5 36. Rc1 Bxe4 37. fxe4 Qxe4 38. Rxe3 fxe3 39. Qe2 Rf6 40. Rf1 Qxd4 41. Rf3 Rxf3 42. gxf3 Kf6 43. Kf1 Qd2 44. Qa6+ e6 45. Qe2 Qxe2+ 46. Kxe2 Ke5 47. Kd3 Kd5 48. h3 Kc5 49. h4 Kb4 50. h5 Kb3 0-1

[Event "Nyiregyhaza op"]
[Site "Nyiregyhaza"]
[Date "2008.07.26"]
[Round "6"]
[White "Medvegy, Judit"]
[Black "Dostan, Janos"]
[Result "1/2-1/2"]
[WhiteElo "2035"]
[BlackElo "2200"]
[PlyCount "95"]
[EventDate "2008.07.23"]
[EventType "swiss"]
[EventRounds "7"]
[EventCountry "HUN"]
[SourceTitle "EXT 2009"]
[Source "ChessBase"]
[SourceDate "2008.11.26"]
[SourceVersion "1"]
[SourceVersionDate "2008.11.26"]
[SourceQuality "1"]

1. e4 d6 2. d4 Nf6 3. Nc3 c6 4. f3 Nbd7 5. Be3 b5 6. a3 a6 7. Nge2 e5 8. Ng3 g6 9. Be2 Bb7 10. Qd2 Qc7 11. 0-0 h5 12. b3 Be7 13. a4 0-0 14. axb5 cxb5 15. Bd3 Rad8 16. d5 Nc5 17. Nce2 Kh7 18. b4 Nxd3 19. cxd3 Qd7 20. Rac1 h4 21. Nh1 Nh5 22. f4 exf4 23. Nxf4 Nxf4 24. Bxf4 f5 25. Nf2 Rf7 26. Nh3 fxe4 27. dxe4 Rdf8 28. Bg5 Rxf1+ 29. Rxf1 Rxf1+ 30. Kxf1 Qc7 31. Bxe7 Qxe7 32. Ng5+ Kg8 33. Qf4 a5 34. bxa5 b4 35. Ne6 b3 36. Qc1 Qf6+ 37. Ke1 Qe5 38. Qb1 Qc3+ 39. Kd1 Ba6 40. Nf4 Qd4+ 41. Kc1 Qe3+ 42. Kb2 Qxf4 43. Kxb3 Qxh2 44. Ka4 Qxg2 45. Qb8+ Kh7 46. Qxd6 h3 47. Qe7+ Kh6 48. Qh4+ 1/2-1/2

[Event "HUN-chT2 Erkel 0708"]
[Site "Hungary"]
[Date "2008.02.17"]
[Round "6"]
[White "Medvegy, Judit"]
[Black "Gulyas, Zoltan"]
[Result "1-0"]
[WhiteElo "2027"]
[BlackElo "2147"]
[PlyCount "81"]
[EventDate "2007.10.14"]
[EventType "team"]
[EventRounds "11"]
[EventCountry "HUN"]
[SourceTitle "EXT 2009"]
[Source "ChessBase"]
[SourceDate "2008.11.26"]
[SourceVersion "1"]
[SourceVersionDate "2008.11.26"]
[SourceQuality "1"]
[WhiteTeam "Foti"]
[BlackTeam "Ujszasz"]
[WhiteTeamCountry "HUN"]
[BlackTeamCountry "HUN"]

1. e4 e6 2. d4 d5 3. Nd2 Nf6 4. e5 Nfd7 5. Bd3 c5 6. c3 Nc6 7. Ne2 Qb6 8. Nf3 cxd4 9. cxd4 Bb4+ 10. Bd2 Bxd2+ 11. Qxd2 Qb4 12. Rc1 Qxd2+ 13. Nxd2 Nb6 14. 0-0 Bd7 15. f4 f5 16. exf6 gxf6 17. Nf3 Nb4 18. Bb1 Bb5 19. Rfe1 Kd7 20. f5 Bd3 21. fxe6+ Kd6 22. Ng3 Bg6 23. Nh4 Nc6 24. Bxg6 hxg6 25. Nxg6 Rhg8 26. Nf5+ Kc7 27. e7 Rae8 28. Nf4 Kd7 29. Nh5 Rg6 30. Nhg7 Nxe7 31. Nxe8 Nxf5 32. Rc7+ Kd8 33. Rf7 Nd7 34. Kf2 Nh6 35. Rg7 Ng4+ 36. Kg3 Rxg7 37. Nxg7 Nh6 38. Ne6+ Kc8 39. Rc1+ Kb8 40. Kf4 a6 41. g4 1-0

[Event "HUN-chT2 Erkel 0708"]
[Site "Hungary"]
[Date "2007.12.16"]
[Round "5"]
[White "Trajber, Daniel"]
[Black "Medvegy, Judit"]
[Result "1-0"]
[WhiteElo "2050"]
[BlackElo "2027"]
[PlyCount "55"]
[EventDate "2007.10.14"]
[EventType "team"]
[EventRounds "11"]
[EventCountry "HUN"]
[SourceTitle "EXT 2009"]
[Source "ChessBase"]
[SourceDate "2008.11.26"]
[SourceVersion "1"]
[SourceVersionDate "2008.11.26"]
[SourceQuality "1"]
[WhiteTeam "Vaci"]
[BlackTeam "Foti"]
[WhiteTeamCountry "HUN"]
[BlackTeamCountry "HUN"]

1. e4 c6 2. d4 d5 3. Nc3 dxe4 4. Nxe4 Bf5 5. Ng3 Bg6 6. f4 e6 7. Nf3 Nd7 8. Bd3 Bd6 9. 0-0 Bxd3 10. Qxd3 g6 11. Ne4 Be7 12. Ne5 Ngf6 13. Ng5 0-0 14. Qh3 Kg7 15. Nexf7 Qb6 16. Ne5 Nxe5 17. fxe5 Nh5 18. Nxe6+ Kg8 19. Nxf8 Bxf8 20. Qe6+ Kh8 21. Be3 Ng7 22. Qf6 Qd8 23. Qxd8 Rxd8 24. Bg5 Re8 25. Bf6 Kg8 26. Bxg7 Bxg7 27. Rae1 c5 28. c3 1-0

[Event "HUN-chT2 Erkel 0607"]
[Site "Hungary"]
[Date "2007.04.29"]
[Round "9"]
[White "Zanaty, Zsolt"]
[Black "Medvegy, Judit"]
[Result "1/2-1/2"]
[WhiteElo "2174"]
[BlackElo "2057"]
[PlyCount "74"]
[EventDate "2006.11.12"]
[EventType "team"]
[EventRounds "11"]
[EventCountry "HUN"]
[SourceTitle "EXT 2008"]
[Source "ChessBase"]
[SourceDate "2007.11.25"]
[SourceVersion "1"]
[SourceVersionDate "2007.11.25"]
[SourceQuality "1"]
[WhiteTeam "MAFC"]
[BlackTeam "Foti"]
[WhiteTeamCountry "HUN"]
[BlackTeamCountry "HUN"]

1. e4 c6 2. d4 d5 3. exd5 cxd5 4. c4 Nf6 5. Nc3 e6 6. Nf3 Be7 7. cxd5 Nxd5 8. Bb5+ Bd7 9. Bd3 Bc6 10. 0-0 Nd7 11. a3 0-0 12. Bc2 Re8 13. Qd3 g6 14. Re1 N7f6 15. Ne5 Nxc3 16. bxc3 Qd5 17. Qh3 Rac8 18. Bg5 Nh5 19. Be4 Qd8 20. Bxc6 bxc6 21. Bh6 Bg5 22. Bxg5 Qxg5 23. Qf3 Qf6 24. Qe4 Qf4 25. Qxf4 Nxf4 26. Rab1 Re7 27. g3 Nd5 28. c4 Nb6 29. c5 Nd5 30. Rb3 f6 31. Nc4 Kf8 32. Reb1 e5 33. dxe5 fxe5 34. Re1 Rce8 35. Nd6 Rd8 36. Nc4 Rde8 37. Nd6 Rd8 1/2-1/2